| 000 -LEADER |
| fixed length control field |
01847cam a2200373 i 4500 |
| 001 - CONTROL NUMBER |
| control field |
18009829 |
| 003 - CONTROL NUMBER IDENTIFIER |
| control field |
NUST |
| 005 - DATE AND TIME OF LATEST TRANSACTION |
| control field |
20221026163513.0 |
| 008 - FIXED-LENGTH DATA ELEMENTS--GENERAL INFORMATION |
| fixed length control field |
140116s2014 njua b 001 0 eng |
| 010 ## - LIBRARY OF CONGRESS CONTROL NUMBER |
| LC control number |
2013049233 |
| 020 ## - INTERNATIONAL STANDARD BOOK NUMBER |
| International Standard Book Number |
978-93-325-3909-9 |
| 020 ## - INTERNATIONAL STANDARD BOOK NUMBER |
| International Standard Book Number |
9780321933881 (paperback : alk. paper) |
| 040 ## - CATALOGING SOURCE |
| Original cataloging agency |
DLC |
| Language of cataloging |
eng |
| Transcribing agency |
DLC |
| Description conventions |
rda |
| Modifying agency |
DLC |
| 042 ## - AUTHENTICATION CODE |
| Authentication code |
pcc |
| 050 00 - LIBRARY OF CONGRESS CALL NUMBER |
| Classification number |
T385 |
| Item number |
.G5426 2014 |
| 082 00 - DEWEY DECIMAL CLASSIFICATION NUMBER |
| Classification number |
006.66,GIN |
| Edition number |
23 |
| 100 1# - MAIN ENTRY--PERSONAL NAME |
| Personal name |
Ginsburg, Dan. |
| 9 (RLIN) |
101396 |
| 245 10 - TITLE STATEMENT |
| Title |
OpenGL ES 3.0 programming guide / |
| Statement of responsibility, etc. |
Dan Ginsburg, Budirijanto Purnomo ; with earlier contributions from Dave Shreiner, Aaftab Munshi. |
| 250 ## - EDITION STATEMENT |
| Edition statement |
Second edition. |
| 264 #1 - PRODUCTION, PUBLICATION, DISTRIBUTION, MANUFACTURE, AND COPYRIGHT NOTICE |
| Place of production, publication, distribution, manufacture |
Upper Saddle River, NJ : |
| Name of producer, publisher, distributor, manufacturer |
Addison-Wesley, |
| Date of production, publication, distribution, manufacture, or copyright notice |
[2014] |
| 300 ## - PHYSICAL DESCRIPTION |
| Extent |
xl, 516 pages : |
| Other physical details |
illustrations ; |
| Dimensions |
24 cm |
| 336 ## - CONTENT TYPE |
| Content type term |
text |
| Source |
rdacontent |
| 337 ## - MEDIA TYPE |
| Media type term |
unmediated |
| Source |
rdamedia |
| 338 ## - CARRIER TYPE |
| Carrier type term |
volume |
| Source |
rdacarrier |
| 505 ## - FORMATTED CONTENTS NOTE |
| Formatted contents note |
Introduction to OpenGL ES 3.0 (Page-1),Hello Triangle: an OpenGL ES 3.0 Example (Page-27), An Introduction to EGL (Page-43), Shaders and Programs (Page-69), OpenGL ES Shading Language (Page-97), Vertex Attributes, vertex arrays, and buffer objects (Page-125), Primitive Assembly and Rasterization (Page-161), Vertex Shaders (Page-187), Texturing (Page-225), Fragment Shaders (Page-279), Fragment Operations (Page-297), Frame buffer Objects (Page-325), Sync Objects and Fences (Page-357), Advanced Programming with OpenGL ES 3.0 (Page-363), State Queries (Page-421), OpenGL ES Platforms (PAge-447). |
| 630 00 - SUBJECT ADDED ENTRY--UNIFORM TITLE |
| Uniform title |
OpenGL. |
| 9 (RLIN) |
101397 |
| 650 #0 - SUBJECT ADDED ENTRY--TOPICAL TERM |
| Topical term or geographic name entry element |
Computer graphics |
| Form subdivision |
Specifications. |
| 9 (RLIN) |
101398 |
| 650 #0 - SUBJECT ADDED ENTRY--TOPICAL TERM |
| Topical term or geographic name entry element |
Application program interfaces (Computer software) |
| 9 (RLIN) |
47868 |
| 650 #0 - SUBJECT ADDED ENTRY--TOPICAL TERM |
| Topical term or geographic name entry element |
Computer programming. |
| 700 1# - ADDED ENTRY--PERSONAL NAME |
| Personal name |
Purnomo, Budirijanto. |
| 9 (RLIN) |
101399 |
| 700 1# - ADDED ENTRY--PERSONAL NAME |
| Personal name |
Shreiner, Dave. |
| 9 (RLIN) |
101400 |
| 700 1# - ADDED ENTRY--PERSONAL NAME |
| Personal name |
Munshi, Aaftab. |
| 9 (RLIN) |
101401 |
| 942 ## - ADDED ENTRY ELEMENTS (KOHA) |
| Source of classification or shelving scheme |
|
| Koha item type |
Book |
| Call number prefix |
006.6,GIN |